Statistics for Shortest City Names in Each State

Click here to take the quiz!

General Stats

  • This quiz has been taken 19 times
  • The average score is 6 of 50

Answer Stats

StateCity% Correct
Delaware (5)Dover
50%
New Hampshire (5)Dover
50%
Arizona (4)Mesa
44%
Ohio (3)Ada
38%
Oklahoma (3)Ada
38%
Nevada (3)Ely
31%
Iowa (3)Ely
31%
Minnesota (3)Ely
31%
New York (3)Rye
31%
Colorado (3)Rye
31%
Oregon (4)Bend
19%
West Virginia (3)Man
19%
Hawaii (4)Puhi
19%
Michigan (4)Troy
19%
Montana (4)Troy
19%
Missouri (3)Ava
13%
Arkansas (3)Bay
13%
North Carolina (4)Cary
13%
Wyoming (4)Cody
13%
Florida (3)Lee
13%
California (4)Napa
13%
Utah (3)Roy
13%
Washington (3)Roy
13%
Rhode Island (7)Warwick
13%
Kansas (3)Gas
6%
South Carolina (3)Iva
6%
New Mexico (3)Jal
6%
New Jersey (4)Lodi
6%
Wisconsin (3)Rio
6%
Maine (4)Saco
6%
South Dakota (3)Tea
6%
Indiana (3)Amo
0%
Kentucky (4)Clay
0%
Connecticut (5)Derby
0%
Tennessee (4)Dyer
0%
Alaska (3)Eek
0%
Georgia (3)Ila
0%
Illinois (3)Ina
0%
Mississippi (3)Iuka
0%
Idaho (4)Kuna
0%
Vermont (6)Ludlow
0%
Maryland (4)Luke
0%
Massachusetts (4)Lynn
0%
Alabama (3)Opp
0%
Nebraska (3)Ord
0%
North Dakota (3)Ray
0%
Louisiana (3)Sun
0%
Texas (3)Van
0%
Virginia (4)Wise
0%
Pennsylvania (3)Yoe
0%

Score Distribution

Percentile by Number Answered

Percent of People with Each Score

Your Score History

You have not taken this quiz